Transparentnosť je podmienkou konkurencie
Kroky, ktoré pripravuje Ministerstvo financií SR na rozvoj finančného trhu na najbližšie obdobie. Rozvoj depozitných funkcií finančného systému. Pokračovanie legislatívneho procesu na rozvoj finančného trhu. Funkcie kapitálového trhu. Banky a banková sústava. Nové zákony.
Guardado en:
| Autor principal: | |
|---|---|
| Formato: | Capítulo de libro |
| Lenguaje: | eslovaco |
| Materias: | |
| Etiquetas: |
Sin Etiquetas, Sea el primero en etiquetar este registro!
|
MARC
| LEADER | 00000naa a2200000 4500 | ||
|---|---|---|---|
| 001 | r022553 | ||
| 005 | 20230801104506.7 | ||
| 041 | 0 | |a slo | |
| 044 | |a SK | ||
| 245 | 1 | 0 | |a Transparentnosť je podmienkou konkurencie |c J. Magula |
| 520 | |a Kroky, ktoré pripravuje Ministerstvo financií SR na rozvoj finančného trhu na najbližšie obdobie. Rozvoj depozitných funkcií finančného systému. Pokračovanie legislatívneho procesu na rozvoj finančného trhu. Funkcie kapitálového trhu. Banky a banková sústava. Nové zákony. | ||
| 610 | 2 | 0 | |a Slovensko |
| 610 | 2 | 0 | |a 1996 |
| 610 | 2 | 0 | |a trh peňažný |
| 610 | 2 | 0 | |a legislatíva |
| 610 | 2 | 0 | |a MF SR Bratislava |
| 610 | 2 | 0 | |a trh kapitálový |
| 610 | 2 | 0 | |a trh finančný |
| 610 | 2 | 0 | |a banky |
| 610 | 2 | 0 | |a zákony |
| 100 | 1 | |a Magula, J. | |